000 00732nam a22002417a 4500
003 UA-OsUOA
001 71296
007 ta
008 20101018b un ||||| |||| 00| 0 ukr d
100 _aГабрієлян О. А.
090 _a930.1:1
_bГ12
942 _cBK
040 _aUA-OsUOA
_bukr
_cUA-OsUOA
_dUA-OsUOA
245 _aФілософія історії
_bпідручник
_cКальной І. І., Цвєтков О. П.
300 _a216 с.
955 _a2
041 _aukr
080 _a930.1:1
020 _a978-966-8226-89-2
260 _aК.
_bАкадемвидав
_c2010
650 7 _a930 Історична наука. Допоміжні історичні дисципліни
_2UDC
999 _c357576
_d357576